| 000 | 00418nam a2200169Ia 4500 | ||
|---|---|---|---|
| 005 | 20250603145815.0 | ||
| 008 | 250603s9999 xx 000 0 und d | ||
| 020 | _a978-1-59784-124-5 | ||
| 050 | _aPZ 8.2 .M475/ | ||
| 245 | 0 | _aTales from Rumi : Mathnawi selections for young readers | |
| 260 | _aNew Jersey | ||
| 260 | _bTughra Books | ||
| 260 | _c2011 | ||
| 300 | _a128 p | ||
| 650 | _aNew Jersey | ||
| 942 | _cBK | ||
| 999 |
_c42912 _d42912 |
||